000 00554nam a2200193Ia 4500
005 20260120130828.0
008 008 260114s9999 xx 000 0 eng d
020 _a9780191685491
037 _aEBOOK
040 _aCRL
_beng
_cCRL
041 _aeng
_2eng
084 _qCRL
100 _aJørgensen
_9919715
245 4 _aThe Responsibility of States for International Crimes
260 _bOxford University PressOxford University Press
_c2012
856 _uhttps://academic.oup.com/book/32480
942 _cEBOOK
999 _c1511621
_d1511621